| 000 | 00401nam a22001577a 4500 | ||
|---|---|---|---|
| 005 | 20170911143528.0 | ||
| 008 | 170911b xxu||||| |||| 00| 0 eng d | ||
| 020 | _a9789698464370 | ||
| 040 | _cPK-LaUMT | ||
| 082 |
_aPKAC 158.24 _bFAI-H |
||
| 100 | _aFaiz Hasan Siyal | ||
| 245 |
_aHamesha sath sath/ _cFaiz Hasan Siyal |
||
| 260 |
_aلاہور: _bایس بک، _c2005 |
||
| 300 | _a[ ] | ||
| 942 | _cBK | ||
| 999 |
_c98072 _d98072 |
||